00626nam a2200157Ia 4500008004100000040001700041041001200058082001600070100005200086245009600138260006700234300001000301942000700311952013300318999001700451230917s9999||||xx |||||||||||||| ||und|| e187078aMAIN aEnglish a301.426 I8N aInternational Institute for Population Sciences 0aNational family health survey (MCH and family planning): Andhra Pradesh 1992:Summary report aBombaybInternational Institute for Population Scienceesc1994 a26 p. cBK 0010406301_426000000000000_I8N709122082aMAINbMAINd2011-08-03l0o301.426 I8Np156122r2023-09-17 20:58:34w2023-09-17yBK c79761d79761